L'Allemagne de 1870 à nos jours (notice n° 2198509)
[ vue normale ]
| 000 -LEADER | |
|---|---|
| fixed length control field | 01627cam a2200145 4500500 |
| 005 - DATE AND TIME OF LATEST TRANSACTION | |
| control field | 20260405085545.0 |
| 041 ## - LANGUAGE CODE | |
| Language code of text/sound track or separate title | fre |
| 042 ## - AUTHENTICATION CODE | |
| Authentication code | dc |
| 100 10 - MAIN ENTRY--PERSONAL NAME | |
| Personal name | Berstein, Serge |
| Relator term | author |
| 245 00 - TITLE STATEMENT | |
| Title | L'Allemagne de 1870 à nos jours |
| 260 ## - PUBLICATION, DISTRIBUTION, ETC. | |
| Name of publisher, distributor, etc. | Armand Colin,<br/> |
| Date of publication, distribution, etc. | 2014.<br/> |
| 520 ## - SUMMARY, ETC. | |
| Summary, etc. | Le 3 octobre 1990, une série de cérémonies solennelles célébrait la réunification de l’Allemagne. Épilogue d’une histoire agitée et grandiose que retrace le présent ouvrage, l’événement ne prend sa véritable signification que replacé dans la perspective d’une évolution qui naît à la fin du XVIIIe siècle avec la prise de conscience du sentiment national allemand. L’affirmation de celui-ci passe par la réalisation d’une unité qui se fera « par le fer par le feu », par le drame apocalyptique de deux guerres mondiales dans lesquelles l’État allemand porte une lourde responsabilité, puis par l’effondrement, en 1945, d’un pays pratiquement rayé de la carte et qui vit alors son « année zéro », avant que ne renaissent deux États allemands qui paraissent s’orienter vers des destins séparés. Mais l’histoire contemporaine de la nation allemande est aussi celle d’une remarquable réussite économique, de l’apprentissage, parfois douloureux, de la démocratie et de l’ouverture à l’Europe, chemins d’une réunification qui fait de la République fédérale le centre de gravité et la première puissance du continent. |
| 700 10 - ADDED ENTRY--PERSONAL NAME | |
| Personal name | Milza, Pierre |
| Relator term | author |
| 856 41 - ELECTRONIC LOCATION AND ACCESS | |
| Uniform Resource Identifier | <a href="https://shs.cairn.info/l-allemagne-de-1870-a-nos-jours--9782200285050?lang=fr&redirect-ssocas=7080">https://shs.cairn.info/l-allemagne-de-1870-a-nos-jours--9782200285050?lang=fr&redirect-ssocas=7080</a> |
Pas d'exemplaire disponible.




Réseaux sociaux